Foods & nutrition encyclopedia / (Record no. 483)

MARC details
000 -LEADER
fixed length control field 01003fam a2200337 a 4500
005 - DATE AND TIME OF LATEST TRANSACTION
control field 20260322212021.0
008 - FIXED-LENGTH DATA ELEMENTS--GENERAL INFORMATION
fixed length control field data
010 ## - LIBRARY OF CONGRESS CONTROL NUMBER
LC control number 93036692
020 ## - INTERNATIONAL STANDARD BOOK NUMBER
International Standard Book Number 0849389801 (set)
020 ## - INTERNATIONAL STANDARD BOOK NUMBER
International Standard Book Number 084938981X (v. 1)
020 ## - INTERNATIONAL STANDARD BOOK NUMBER
International Standard Book Number 0849389828 (v. 2)
020 ## - INTERNATIONAL STANDARD BOOK NUMBER
International Standard Book Number 9780849389801 (set)
020 ## - INTERNATIONAL STANDARD BOOK NUMBER
International Standard Book Number 9780849389818 (v. 1)
020 ## - INTERNATIONAL STANDARD BOOK NUMBER
International Standard Book Number 9780849389825 (v. 2)
040 ## - CATALOGING SOURCE
Original cataloging agency DLC
Transcribing agency DLC
Modifying agency CtY-M
050 00 - LIBRARY OF CONGRESS CALL NUMBER
Classification number TX349
Item number .F575 1994
092 ## - LOCALLY ASSIGNED DEWEY CALL NUMBER (OCLC)
Classification number 641 F686 1994
001 - CONTROL NUMBER
control field data
245 10 - TITLE STATEMENT
Title Foods & nutrition encyclopedia /
Statement of responsibility, etc. Audrey Ensminger.
250 ## - EDITION STATEMENT
Edition statement 2nd ed.
260 ## - PUBLICATION, DISTRIBUTION, ETC.
Place of publication, distribution, etc. Boca Raton :
Name of publisher, distributor, etc. CRC Press,
Date of publication, distribution, etc. 1994.
263 ## - PROJECTED PUBLICATION DATE
Projected publication date 9311
300 ## - PHYSICAL DESCRIPTION
Extent 2 v. (viii, 2415 p., [16] p. of col. plates ) :
Other physical details ill.
Dimensions 29 cm.
504 ## - BIBLIOGRAPHY, ETC. NOTE
Bibliography, etc. note Includes bibliographical references and index.
505 0# - FORMATTED CONTENTS NOTE
Formatted contents note v. 1. A-H -- v. 2. I-Z.
590 ## - LOCAL NOTE (RLIN)
Local note Includes bibliography and index
650 #0 - SUBJECT ADDED ENTRY--TOPICAL TERM
Topical term or geographic name entry element Nutrition
Form subdivision Encyclopedias.
650 #0 - SUBJECT ADDED ENTRY--TOPICAL TERM
Topical term or geographic name entry element Food
Form subdivision Encyclopedias.
700 1# - ADDED ENTRY--PERSONAL NAME
Personal name Ensminger, Audrey.
740 01 - ADDED ENTRY--UNCONTROLLED RELATED/ANALYTICAL TITLE
Uncontrolled related/analytical title Foods and nutrition encyclopedia.
Holdings
Withdrawn status Lost status Damaged status Not for loan Home library Current library Shelving location Date acquired Total checkouts Full call number Barcode Date last seen Price effective from Koha item type
        Centerville Centerville General stacks 22/03/2026   TX349 .F575 1994 BC0010494 22/03/2026 22/03/2026 Books